Greenhouse Agriculture:: (Record no. 185569)

MARC details
000 -LEADER
fixed length control field 00616nam a22002057a 4500
005 - DATE AND TIME OF LATEST TRANSACTION
control field 20220204113502.0
010 ## - LCCN (DPL NO)
LC control number ENG-131403
020 ## - INTERNATIONAL STANDARD BOOK NUMBER
International Standard Book Number 9788195398621
Terms of availability 6000.00
035 ## - SYSTEM CONTROL NUMBER
System control number EN-114935
037 ## - SOURCE OF ACQUISITION
Source of stock number/acquisition DBAD
082 ## - DEWEY DECIMAL CLASSIFICATION NUMBER
Classification number 381.41
100 ## - MAIN ENTRY--PERSONAL NAME
Personal name Sabir, Naved
245 ## - TITLE STATEMENT
Title Greenhouse Agriculture::
Remainder of title Production and Protection/
Statement of responsibility, etc Naved Sabir, Awani Kumar Singh, Murtaza Hasan
260 ## - PUBLICATION, DISTRIBUTION, ETC. (IMPRINT)
Place of publication, distribution, etc New Delhi
Name of publisher, distributor, etc Pentimer Publication
Date of publication, distribution, etc 2021
270 ## - ADDRESS
City New Delhi
Postal code 110044
300 ## - PHYSICAL DESCRIPTION
Extent xv, 504p.
Dimensions 26cm(hbk)
700 ## - ADDED ENTRY--PERSONAL NAME
Personal name Singh, Awani Kumar
700 ## - ADDED ENTRY--PERSONAL NAME
Personal name Hasan, Murtaza
942 ## - ADDED ENTRY ELEMENTS (KOHA)
Source of classification or shelving scheme Dewey Decimal Classification
Item type English Books
Classification part 381.41
Call number suffix SAB
Holdings
Withdrawn status Lost status Not for loan Collection code Home library Current library Date acquired Source of acquisition Cost, normal purchase price Full call number Barcode Copy number Cost, replacement price Koha item type
      Non-fiction Ashok Vihar Ashok Vihar 04/02/2022 DBAD/PUB 6000.00 381.41 SAB EN-114935 1 6000.00 English Books

© Delhi Public Library
Hit Counter
free hit counter